[Event "Peterborough 4NCL Easter op-A"]
[Site "Peterborough"]
[Date "2024.03.29"]
[Round "1"]
[White "Clarke, Connor"]
[Black "Zhang, Junyi"]
[Result "1-0"]
[WhiteElo "1978"]
[BlackElo "1924"]
[PlyCount "95"]
[EventDate "2024.03.29"]
[EventType "swiss"]
[EventRounds "7"]
[EventCountry "ENG"]
[SourceTitle "CB14_2024"]
[SourceDate "2024.04.01"]
[SourceVersion "1"]
[SourceVersionDate "2024.04.01"]
[SourceQuality "1"]

1. d4 Nf6 2. Nc3 d5 3. Bf4 c6 4. e3 e6 5. Nf3 Bd6 6. Ne5 0-0 7. Bd3 Qc7 8. Qf3 b6 9. Qh3 Ba6 10. Ng4 Bxd3 11. Nxf6+ gxf6 12. Qg3+ Bg6 13. Bxd6 Qd8 14. Bxf8 Qxf8 15. h4 Qb4 16. 0-0-0 h5 17. Qc7 Na6 18. Qb7 Nc7 19. Qxc7 Qc4 20. Qb7 Rf8 21. Qxa7 b5 22. Qc5 b4 23. Qxc4 dxc4 24. Na4 b3 25. axb3 cxb3 26. cxb3 Rb8 27. Nc5 Ra8 28. Kd2 Ra2 29. Kc3 e5 30. Ra1 exd4+ 31. exd4 Rxa1 32. Rxa1 Kf8 33. Ra6 Ke7 34. Rxc6 f5 35. f4 f6 36. d5 Be8 37. d6+ Kf7 38. d7 Bxd7 39. Nxd7 Ke7 40. Nc5 Kf7 41. b4 Ke7 42. b5 Ke8 43. b6 Kf7 44. b7 Kg6 45. b8Q Kf7 46. Rc7+ Kg6 47. Qg8+ Kh6 48. Rh7# 1-0

[Event "British Universities-ch"]
[Site "Leicester"]
[Date "2024.02.25"]
[Round "?"]
[White "Clarke, Connor"]
[Black "Jain, Gautam"]
[Result "1-0"]
[WhiteElo "2009"]
[BlackElo "1837"]
[PlyCount "103"]
[EventDate "2024.02.24"]
[EventType "team-swiss (rapid)"]
[EventRounds "9"]
[EventCountry "ENG"]
[SourceTitle "CB11_2024"]
[SourceDate "2024.03.13"]
[SourceVersion "1"]
[SourceVersionDate "2024.03.13"]
[SourceQuality "1"]
[WhiteTeam "Oxford"]
[BlackTeam "Imperial"]
[WhiteTeamCountry "ENG"]
[BlackTeamCountry "ENG"]

1. d4 Nf6 2. Bg5 c6 3. Nd2 d5 4. Bxf6 gxf6 5. e4 e5 6. dxe5 fxe5 7. Qh5 Bg7 8. Ngf3 Qc7 9. 0-0-0 Be6 10. Ng5 Qe7 11. Nb3 Nd7 12. Be2 0-0-0 13. Nxe6 fxe6 14. Kb1 Rdf8 15. Rhf1 Rf7 16. Qh3 Nf6 17. Qe3 Nxe4 18. f3 Nd6 19. Qxa7 Qc7 20. Nc5 Re7 21. f4 e4 22. a4 Qb8 23. Qb6 Qc7 24. Qb4 b6 25. Ba6+ Kb8 26. Be2 Ka7 27. Na6 Qd7 28. a5 b5 29. Qc5+ Ka8 30. Nb4 Rc8 31. g4 Nb7 32. Qb6 Qc7 33. Na6 Qxb6 34. axb6 Nd6 35. Nc5 Rb8 36. f5 exf5 37. gxf5 Bf6 38. Rg1 Rxb6 39. c3 b4 40. Rg8+ Ka7 41. Kc2 b3+ 42. Kd2 Ne8 43. Ra1+ Kb8 44. Bh5 e3+ 45. Ke2 Kc7 46. Bxe8 Kd6 47. Ne6 c5 48. Rf8 Ke5 49. Bh5 d4 50. cxd4+ cxd4 51. Ra5+ Ke4 52. Bf3# 1-0

[Event "BCF-chT 2223 (4NCL)"]
[Site "England"]
[Date "2022.10.22"]
[Round "1.4"]
[White "Camacho Collados, Jose"]
[Black "Clarke, Connor"]
[Result "1/2-1/2"]
[WhiteElo "2408"]
[BlackElo "1941"]
[PlyCount "125"]
[EventDate "2022.10.22"]
[EventType "team-swiss"]
[EventRounds "11"]
[EventCountry "ENG"]
[SourceTitle "CBM 210 Extra"]
[Source "ChessBase"]
[SourceDate "2022.11.30"]
[SourceVersion "1"]
[SourceVersionDate "2022.11.30"]
[SourceQuality "1"]
[WhiteTeam "Chessable White Rose"]
[BlackTeam "Chessable White Rose II"]
[WhiteTeamCountry "ENG"]
[BlackTeamCountry "ENG"]

1. e4 Nc6 2. Nf3 e5 3. Bb5 a6 4. Ba4 Nf6 5. 0-0 Nxe4 6. Nxe5 Nxe5 7. d4 Nc6 8. Re1 d5 9. f3 b5 10. Bb3 Be7 11. fxe4 dxe4 12. Rxe4 0-0 13. c3 Bf5 14. Re1 Bd6 15. Qh5 Bg6 16. Qg5 Re8 17. Qxd8 Raxd8 18. Be3 Bf4 19. Kf2 Bxe3+ 20. Rxe3 Rxe3 21. Kxe3 Re8+ 22. Kf2 Bh5 23. Kf1 Be2+ 24. Kf2 Bh5 25. Kf1 Be2+ 26. Kg1 Bd3 27. Nd2 Re2 28. Rd1 Na5 29. Nf3 Be4 30. d5 Nxb3 31. axb3 Rxb2 32. d6 cxd6 33. Rxd6 Kf8 34. b4 Bxf3 35. gxf3 Rc2 36. Rxa6 Rxc3 37. Rb6 Rxf3 38. Rxb5 Ke7 39. Kg2 Rb3 40. Rb7+ Ke6 41. Rb6+ Kf5 42. Rb7 Kg6 43. b5 h5 44. h4 f6 45. Kh2 Kh6 46. Rb6 Kg6 47. Rb7 Kf5 48. Rxg7 Rxb5 49. Ra7 Rb4 50. Kg3 Rb3+ 51. Kg2 Rb4 52. Kg3 Rg4+ 53. Kh3 Kg6 54. Ra5 Re4 55. Kg3 Re3+ 56. Kg2 Re5 57. Ra6 Kf5 58. Kf3 Rb5 59. Ra8 Rb3+ 60. Kg2 Re3 61. Ra6 Re6 62. Ra5+ Re5 63. Ra6 1/2-1/2

[Event "London Classic rapid op 11th"]
[Site "London"]
[Date "2019.12.07"]
[Round "1"]
[White "Fernandez, Michael"]
[Black "Clarke, Connor"]
[Result "1-0"]
[WhiteElo "2215"]
[BlackElo "1830"]
[PlyCount "95"]
[EventDate "2019.12.07"]
[EventType "swiss (rapid)"]
[EventRounds "7"]
[EventCountry "ENG"]
[SourceTitle "CBM 195 Extra"]
[Source "ChessBase"]
[SourceDate "2020.05.31"]
[SourceVersion "1"]
[SourceVersionDate "2020.05.31"]
[SourceQuality "1"]

1. c4 e5 2. g3 Nf6 3. Bg2 d6 4. Nc3 Be7 5. e4 0-0 6. Nge2 Be6 7. b3 Nc6 8. 0-0 Qd7 9. d4 exd4 10. Nxd4 Nxd4 11. Qxd4 Bh3 12. Bb2 Bxg2 13. Kxg2 Qg4 14. h3 Qg6 15. f4 Nd7 16. f5 Bf6 17. Qd1 Qh6 18. h4 Bxc3 19. Bxc3 Nc5 20. Qf3 Rae8 21. f6 gxf6 22. Rae1 Re6 23. Bxf6 Nd3 24. Qxd3 Rxf6 25. Qd4 Rg6 26. e5 dxe5 27. Rxe5 Qg7 28. Qe3 Rd8 29. Re7 Rgd6 30. Qf3 Rd2+ 31. Kh3 R2d3 32. Qxf7+ Qxf7 33. Rfxf7 h5 34. Rg7+ Kf8 35. Ref7+ Ke8 36. Rxc7 Kf8 37. Rcf7+ Ke8 38. Rxb7 Kf8 39. Rbf7+ Ke8 40. Rxa7 Kf8 41. Rh7 Kg8 42. Rxh5 Rd2 43. Rg5+ Kf8 44. Kg4 R2d4+ 45. Kh5 R4d6 46. Rg6 Rd3 47. Kh6 Re3 48. Kh7 1-0